Minecraft knowledge quiz #1 - Statistics

General Stats
  • This quiz has been taken 224 times
  • The average score is 5 of 7
Answer Stats
Question Answer % Correct
Which of these mobs are green and camoflaged, and go behind you to explode Creeper
100%
What is a ghast? A giant floating balloon over a lava ocean
95%
Which of these companies owns Mojang (the creator of Minecraft) Microsoft
93%
After Caves and Cliffs, where is the best place to mine diamond ore? y -58
90%
Which of these biomes is the best for gold? Badlands
78%
Is any type of horse armor craftable? yes, one is craftable
53%
How to PvP? use the sword timer and cooldown
23%
No matching quizzes found
Score Distribution
Percent of People with Each Score
Percentile by Number Answered
Your Score History
You have not taken this quiz